Estadísticas para Las 100 Ciudades y Pueblos Más Grandes del Reino Unido

Haz click aquí para intentar la prueba.

Estadísticas generales

  • Esta prueba ha sido intentada 1.218 veces
    (222 desde el último reinicio)
  • La puntuación promedio es 31 de 100

Estadísticas de respuestas

PopulationCity% Correcto
9,047,570Londres
100%
563,561Manchester
98%
586,889Liverpool
97%
1,160,254Birmingham
92%
504,020Edinburgh
90%
629,920Glasgow
87%
354,178Cardiff
86%
511,164Leeds
82%
338,160Belfast
79%
287,535Newcastle upon Tyne
76%
162,291Oxford
75%
577,246Bristol
72%
148,861Cambridge
72%
315,987Nottingham
72%
244,917Brighton and Hove
68%
472,558Leicester
68%
269,750Southampton
67%
552,143Sheffield
63%
164,369York
60%
221,502Luton
57%
185,460Swansea
56%
239,677Plymouth
53%
198,480Aberdeen
51%
197,212Norwich
51%
174,807Sunderland
49%
197,383Bournemouth
48%
288,028Kingston upon Hull
46%
220,873Wolverhampton
46%
103,614Bath
45%
248,929Portsmouth
44%
382,073Coventry
40%
145,821Blackpool
39%
149,010Dundee
37%
264,654Derby
35%
278,137Stoke-on-Trent
35%
125,819Exeter
34%
148,742Ipswich
34%
229,482Reading
34%
120,932Blackburn
33%
177,354Middlesbrough
31%
205,411Bolton
30%
366,187Bradford
29%
87,983Chester
27%
141,651Watford
27%
171,809Huddersfield
25%
230,031Northampton
23%
99,760Preston
23%
138,131Colchester
22%
184,824Milton Keynes
21%
178,805Peterborough
20%
147,509Gloucester
19%
106,415Lincoln
18%
136,078Newport
18%
107,732Wigan
18%
159,449Poole
17%
116,834Doncaster
16%
185,111Southend-on-Sea
16%
192,408Swindon
16%
98,924Barnsley
14%
164,770Slough
14%
117,073Cheltenham
13%
112,198Crawley
13%
111,481Rotherham
13%
108,606Oldham
12%
114,809Eastbourne
11%
111,694Stockport
11%
108,584Gillingham
10%
107,531Sutton Coldfield
10%
102,791Worcester
10%
118,759Chelmsford
9%
88,323Grimsby
9%
92,923Halifax
8%
122,657Salford
8%
152,222Telford
8%
172,684Warrington
8%
89,469Chesterfield
7%
119,905Maidstone
7%
127,898Solihull
7%
94,081Stevenage
7%
117,681Basildon
6%
105,127St Helens
6%
88,485Weston-super-Mare
6%
115,191Worthing
6%
114,402Basingstoke
5%
93,378Bedford
5%
93,305Darlington
5%
123,813High Wycombe
5%
107,546Wakefield
5%
88,950Aylesbury
4%
145,775Birkenhead
4%
90,074Hartlepool
4%
93,539Hastings
4%
113,893Rochdale
4%
138,206Sale
4%
93,902Southport
4%
107,854Woking
4%
102,870Hemel Hempstead
3%
99,556Rayleigh
3%
122,249Gateshead
2%
90,429Nuneaton
2%

Distribución de puntuación

Porcentaje por número respondido

Porcentaje de gente con cada puntuación

Historial de tus puntuaciones

No has intentado esta prueba desde el último reinicio